00627nam a2200133Ia 4500008004100000100002800041245009700069245017200166260005300338260001800391300000800409650001500417856006100432170221s9999 xx 000 0 und d aAleksander S. Drovnikov aTeachers Professional Competence Assessment Technology in Qualification Improvement Process  cAleksander S. Drovnikov, Evgeni L. Nikolaev, Anton S. Afanasev, Vladimir N. Ivanov, Tatyana N. Petrova, Galina G. Tenyukova, Natalia L. Maksimova, Faina V. Povshednaya bInternational Review of Management and Marketing cDecember 2012 a4:2 xMarketing. uhttp://www.econjournals.com/index.php/irmm/issue/view/64